01422 a2200229 4500003000500000005001700005010001600022020001500038040000900053082001800062100003100080245008100111260005300192300003600245505065800281650003800939650003000977700002801007942001201035999001901047952012601066Nust20220812163050.0 a 87014398 a0135367158 cNust00a621.38132,MAD1 aMadhu, Swaminathan.99704910aLinear circuit analysis /cS. Madhu with contributions from R. Unnikrishnan. aEnglewood Cliffs, N.J. :bPrentice-Hall,cc1988. axxiii, 833 p. :bill. ;c25 cm. aBasic Concepts, Components and Las of Electric Circuits (Page-1), Series and Parallel Circuits (Page-56), Methods of Branch Currents Loop and Mesh Analysis (Page-168), Network Theorems (Page-230), Circuits Containing Capacitors and Inductors (Page-264),Sinusoidal Steady State-Time Domain Analysis (Page-318), Phasors, Impedance and Admittance (Page-347), Network in the Sinusoidal steady State (Page-402) Magnetic Circuits Coupled Coils and Three Phase (Page-472), Resonant Circuits (page-528), Complex Frequency and Network Functions (Page-573), Tow-Ports (Page-614),Nousinsoidal Signals Fourier Methods (Page-661), Laplace Transformation (Page-734).  0aElectric circuits, Linear.994376 0aElectric networks.9413111 aUnnikrishnan, R.997050 2ddccBK c175618d175618 00102ddc4070aMCSbMCScREFd2016-12-12o621.38132,MADpMCS574r2016-12-08w2016-12-12yREFzAlmirah No.21, Shelf No.4